<?xml version='1.0' encoding='UTF-8'?>
  <record xmlns="http://www.loc.gov/MARC21/slim">
    <leader>00000cam a22000007i 4500</leader>
    <controlfield tag="001">ocm68060791</controlfield>
    <controlfield tag="003">OCoLC</controlfield>
    <controlfield tag="005">20240721002112.8</controlfield>
    <controlfield tag="008">980115s1584    gw            001 0 ger d</controlfield>
    <datafield tag="040" ind1=" " ind2=" ">
      <subfield code="a">NLGGC</subfield>
      <subfield code="b">eng</subfield>
      <subfield code="e">rda</subfield>
      <subfield code="e">dcrmr</subfield>
      <subfield code="c">NLGGC</subfield>
      <subfield code="d">QGJ</subfield>
      <subfield code="d">OCLCO</subfield>
      <subfield code="d">OCLCL</subfield>
      <subfield code="d">OCLCQ</subfield>
    </datafield>
    <datafield tag="029" ind1="0" ind2=" ">
      <subfield code="a">NLGGC</subfield>
      <subfield code="b">165586834</subfield>
    </datafield>
    <datafield tag="035" ind1=" " ind2=" ">
      <subfield code="a">(OCoLC)68060791</subfield>
    </datafield>
    <datafield tag="100" ind1="1" ind2=" ">
      <subfield code="a">Eytzinger, Michael,</subfield>
      <subfield code="d">-1598,</subfield>
      <subfield code="e">author.</subfield>
      <subfield code="4">aut</subfield>
      <subfield code="1">https://id.oclc.org/worldcat/entity/E39PBJjmQWMhp9XqdDpkkPHV4q</subfield>
    </datafield>
    <datafield tag="245" ind1="1" ind2="0">
      <subfield code="a">Historische Beschreibung Deß, so sich nach negst gehaltenem Kayserlichen Reichstag zu Augspurg (vber alles das, welches zuuor in  Relatione Historica des Achischen unnd Cölllnischen handels wegen erzelt) volgendts noch weytter in Heyligen Reich Teutscher Nation verlauffen vnnd zugetragen hat. Continuirt biß auff die negst niderlag Gebhardt Trucksessen/ gewesenen Churfürsten von Cölln, vnd || gegenwertiges Monat Apri|lis. 1584</subfield>
    </datafield>
    <datafield tag="264" ind1=" " ind2="1">
      <subfield code="a">[Köln] :</subfield>
      <subfield code="b">[Gottfried von Kempen,]</subfield>
      <subfield code="c">M. D. LXXXIIII. [1584]</subfield>
    </datafield>
    <datafield tag="300" ind1=" " ind2=" ">
      <subfield code="a">[8], 137 [that is 147], [4] pages ;</subfield>
      <subfield code="c">19 cm (4to)</subfield>
    </datafield>
    <datafield tag="336" ind1=" " ind2=" ">
      <subfield code="a">text</subfield>
      <subfield code="b">txt</subfield>
      <subfield code="2">rdacontent</subfield>
    </datafield>
    <datafield tag="337" ind1=" " ind2=" ">
      <subfield code="a">unmediated</subfield>
      <subfield code="b">n</subfield>
      <subfield code="2">rdamedia</subfield>
    </datafield>
    <datafield tag="338" ind1=" " ind2=" ">
      <subfield code="a">volume</subfield>
      <subfield code="b">nc</subfield>
      <subfield code="2">rdacarrier</subfield>
    </datafield>
    <datafield tag="500" ind1=" " ind2=" ">
      <subfield code="a">By Michael Eyzinger (VD 16)</subfield>
    </datafield>
    <datafield tag="500" ind1=" " ind2=" ">
      <subfield code="a">Signatures: A-V⁴.</subfield>
    </datafield>
    <datafield tag="500" ind1=" " ind2=" ">
      <subfield code="a">Includes index.</subfield>
    </datafield>
    <datafield tag="510" ind1="4" ind2=" ">
      <subfield code="a">Verzeichnis der im deutschen Sprachbereich erschienenen Drucke des 16. Jahrhunderts (VD 16),</subfield>
      <subfield code="c">E 4785</subfield>
    </datafield>
    <datafield tag="610" ind1="1" ind2="0">
      <subfield code="a">Holy Roman Empire.</subfield>
      <subfield code="b">Reichstag</subfield>
      <subfield code="d">(1582 :</subfield>
      <subfield code="c">Augsburg, Germany)</subfield>
    </datafield>
    <datafield tag="651" ind1=" " ind2="0">
      <subfield code="a">Cologne (Germany)</subfield>
      <subfield code="x">Church history.</subfield>
    </datafield>
    <datafield tag="610" ind1="1" ind2="7">
      <subfield code="a">Holy Roman Empire.</subfield>
      <subfield code="b">Reichstag</subfield>
      <subfield code="2">fast</subfield>
    </datafield>
    <datafield tag="651" ind1=" " ind2="7">
      <subfield code="a">Germany</subfield>
      <subfield code="z">Cologne</subfield>
      <subfield code="2">fast</subfield>
      <subfield code="1">https://id.oclc.org/worldcat/entity/E39QbtfRgxYkfbwQXfRkmPTP3p</subfield>
    </datafield>
    <datafield tag="655" ind1=" " ind2="7">
      <subfield code="a">Church history</subfield>
      <subfield code="2">fast</subfield>
    </datafield>
    <datafield tag="700" ind1="1" ind2="2">
      <subfield code="i">Sequel of (work):</subfield>
      <subfield code="a">Eytzinger, Michael,</subfield>
      <subfield code="d">-1598.</subfield>
      <subfield code="t">Relatio historica Deß, so sich nach dem Abschied der Cöllnischen zusamenkunft von wegen Niderlendischer Pacification gehalten.</subfield>
    </datafield>
    <datafield tag="700" ind1="1" ind2=" ">
      <subfield code="a">Kempen, Gottfried von,</subfield>
      <subfield code="d">active 1576-1598,</subfield>
      <subfield code="e">printer.</subfield>
      <subfield code="4">prt</subfield>
      <subfield code="1">https://id.oclc.org/worldcat/entity/E39PBJrrvhcw4wP6P8T9fvRR8C</subfield>
    </datafield>
    <datafield tag="752" ind1=" " ind2=" ">
      <subfield code="a">Germany</subfield>
      <subfield code="d">Cologne</subfield>
      <subfield code="2">naf</subfield>
      <subfield code="e">publication place</subfield>
      <subfield code="4">pup</subfield>
    </datafield>
  </record>